All DBZ/DBS Movie Villains by Picture - Statistics

General Stats
  • This quiz has been taken 194 times
  • The average score is 13 of 17
Answer Stats
Picture Answer % Correct
Broly(Second-Coming)
98%
Broly
97%
Cooler
94%
Beerus
93%
Metal Cooler
87%
Golden Frieza
83%
Android 13
81%
Janemba
80%
Cell Max
79%
Turles
77%
Garlic Jr.
71%
Bio-Broly
68%
Bojack
68%
Lord Slug
64%
Dr. Wheelo
40%
Hirudegarn
40%
Broly(DBS)
34%
No matching quizzes found
Score Distribution
Percent of People with Each Score
Percentile by Number Answered
Your Score History
You have not taken this quiz